Welcome to CU Library Online Public Access Catalogue (OPAC)

Hydraulic engineering / (Record no. 8348)

MARC details
000 -LEADER
fixed length control field 00657cam a2200217 a 4500
001 - CONTROL NUMBER
control field 2897892
005 - DATE AND TIME OF LATEST TRANSACTION
control field 20251122160438.0
008 - FIXED-LENGTH DATA ELEMENTS--GENERAL INFORMATION
fixed length control field 890126s1988 maua b 001 0 eng
020 ## - INTERNATIONAL STANDARD BOOK NUMBER
International Standard Book Number 0395381231
020 ## - INTERNATIONAL STANDARD BOOK NUMBER
International Standard Book Number 9780395381236
050 00 - LIBRARY OF CONGRESS CALL NUMBER
Classification number TC145
Item number .R59 1988
082 00 - DEWEY DECIMAL CLASSIFICATION NUMBER
Classification number 627
Edition information 19
100 1# - MAIN ENTRY--PERSONAL NAME
Personal name Roberson, John A.
245 10 - TITLE STATEMENT
Title Hydraulic engineering /
Statement of responsibility, etc. John A. Roberson, John J. Cassidy, M. Hanif Chaudhry.
260 ## - PUBLICATION, DISTRIBUTION, ETC.
Place of publication, distribution, etc. Boston :
Name of publisher, distributor, etc. Houghton Mifflin Co.,
Date of publication, distribution, etc. c1988.
300 ## - PHYSICAL DESCRIPTION
Extent x, 662 p. :
Other physical details ill. ;
Dimensions 25 cm.
650 #0 - SUBJECT ADDED ENTRY--TOPICAL TERM
Topical term or geographic name entry element Hydraulic engineering.
700 1# - ADDED ENTRY--PERSONAL NAME
Personal name Cassidy, John J.
Fuller form of name (John Joseph),
Dates associated with a name 1930-
700 1# - ADDED ENTRY--PERSONAL NAME
Personal name Chaudhry, M. Hanif.
942 ## - ADDED ENTRY ELEMENTS (KOHA)
Source of classification or shelving scheme Library of Congress Classification
Koha item type Books
Suppress in OPAC No
999 ## -
-- 8348
-- 8348
Holdings
Withdrawn status Lost status Source of classification or shelving scheme Damaged status Not for loan Collection Home library Current library Shelving location Date acquired Total checkouts Full call number Barcode Date last seen Copy number Price effective from Koha item type
    Library of Congress Classification     Non-fiction Science Library (Miotso) Science Library (Miotso) General stacks 11/22/2025   TC145 .R59 ROB SLM00006053 11/22/2025 1 11/22/2025 Books
© 2023-2024 Copyright: Central University Libraries. All Rights Reserved | Created by: Mahone Tech Office